000 00431nam a2200097Ia 4500
008 180130s9999 xx 000 0 und d
245 _cQuan, Zhou; Chunming, Tang; Zianghan, Zhen; Chunming, Rong
_aA secure user authentication protocol for sensor network in data capturing
260 _c2016
300 _aBook title: Networking, models and methods of cloud computing--Acession number C20732; pages 195-206
650 _aCLOUD COMPUTING
999 _c353804
_d353804